Océano mar / (Registro nro. 31114)

Detalles MARC
000 -LEADER
fixed length control field 01729nam a22002777a 4500
003 - CONTROL NUMBER IDENTIFIER
control field OSt
005 - DATE AND TIME OF LATEST TRANSACTION
control field 20251120162125.0
008 - FIXED-LENGTH DATA ELEMENTS--GENERAL INFORMATION
fixed length control field 251119b |||||||| |||| 00| 0 eng d
020 ## - INTERNATIONAL STANDARD BOOK NUMBER
International Standard Book Number 9789580449355
037 ## - SOURCE OF ACQUISITION
Source of stock number/acquisition Donación
040 ## - CATALOGING SOURCE
Original cataloging agency CO-JMCR
Transcribing agency CO-JMCR
Language of cataloging spa
Modifying agency CO-JMCR
Description conventions rda
041 1# - LANGUAGE CODE
Language code of text/sound track or separate title spa
Language code of original ita
082 04 - DEWEY DECIMAL CLASSIFICATION NUMBER
Classification number A-N
Item number BARo1
100 1# - MAIN ENTRY--PERSONAL NAME
Personal name Baricco, Alessandro,
Dates associated with a name 1958 -
9 (RLIN) 44434
245 10 - TITLE STATEMENT
Title Océano mar /
Statement of responsibility, etc. Alessandro Baricco ; traducción de Laura Cannas.
264 ## - PRODUCTION, PUBLICATION, DISTRIBUTION, MANUFACTURE, AND COPYRIGHT NOTICE
Place of production, publication, distribution, manufacture Santa Fe de Bogotá :
Name of producer, publisher, distributor, manufacturer Grupo Editorial Norma,
Date of production, publication, distribution, manufacture, or copyright notice 1998.
300 ## - PHYSICAL DESCRIPTION
Extent 279 páginas ;
Dimensions 21 cm.
490 0# - SERIES STATEMENT
Series statement Colección la otra orilla
Volume/sequential designation 44435
500 ## - GENERAL NOTE
General note Incluye biografía en la solapa posterior.
520 3# - SUMMARY, ETC.
Summary, etc. Coincidieron, hace mucho tiempo, en Almayer, una remota pensión costera.<br/>Venían de distintos lugares del mundo, con sus historias a cuestas, y no se conocían entre ellos.<br/>Un escritor, un pintor, un científico preocupado por los límites de las cosas, una mujer infiel, una bella enferma y el sobreviviente de un pavoroso naufragio llegaron de muy lejos para aliviar sus penas: encontrar una respuesta a sus dudas, olvidar un amor descarriado o dar con el único posible, cumplir una venganza insaciable o descubrir la cura para un mal devastador. El portentoso océano los reunió allí: y bajo su influjo, sus vidas estancadas retomaron su curso.<br/>Mezcla de poesía y fábula, de relato de aventuras y de novela filosófica, Océano mar confirma el talento singular de Alessandro Baricco, el inspirado autor de Seda.
534 ## - ORIGINAL VERSION NOTE
Introductory phrase Título original :
Title statement of original Oceano mare.
650 #7 - SUBJECT ADDED ENTRY--TOPICAL TERM
Topical term or geographic name entry element Novela italiana.
Source of heading or term JMCR
9 (RLIN) 832
650 #7 - SUBJECT ADDED ENTRY--TOPICAL TERM
Topical term or geographic name entry element Vida cotidiana
Form subdivision Novela.
Source of heading or term JMCR
9 (RLIN) 44436
700 1# - ADDED ENTRY--PERSONAL NAME
Personal name Cannas, Laura,
Relator term traductora
9 (RLIN) 44437
942 ## - ADDED ENTRY ELEMENTS (KOHA)
Source of classification or shelving scheme Dewey Decimal Classification
Koha item type Books
Existencias
Withdrawn status Lost status Source of classification or shelving scheme Damaged status Not for loan Collection code Home library Current library Shelving location Date acquired Total Checkouts Full call number Barcode Date last seen Copy number Price effective from Koha item type
    Dewey Decimal Classification     Fiction Biblioteca Pública José María del Castillo y Rada Biblioteca Pública José María del Castillo y Rada Book Cart 11/22/2023   A-N BARo1 201812212 11/19/2025 Ej.1 11/19/2025 Books